00558nam a2200193 a 450000500170000000800410001702000150005805000290007310000230010224500600012525000120018526000470019730000290024452100070027365000190028065000210029970000200032070000240034020140310183306.0050802s19uu xx 00 eng d a0130423637 aQA 76.9.S88b.H6197 2004 aHoffer, Jeffrey A. aModern systems analysis and design /cJeffrey A. Hoffer a3rd ed. aSingapore :bPearson Eucation Asia,c2004. a733 p. :bill. ;c26 cm. aIT aSystem design. aSystem analysis. aGeorge, Joey F. aValacich, Joseph S.